000
00252nam a22000857a 4500
008
160817b xxu||||| |||| 00| 0 eng d
100
_9
158
_a
Manchanda R.P
245
_a
Together with Chemistry Solutions-XI
260
_a
New Delhi
_b
Rachna Sagar publication
_c
2013
999
_c
2816
_d
2816